000 00314nam a2200121Ia 4500
008 241028s9999 xx 000 0 und d
041 _aeng
082 _a650 MOR
100 _aScarlett Morgan
245 _aMathematical Finance: Theories And Tools
260 _bWillford Press
_aUSA
_c2023
300 _a237;. P. 28 cm
999 _c42795
_d42795